Poriadok trhu vo svetle morálky

Definícia trhu. Poriadok na trhu a jeho charakteristika. Podnikateľská etika a morálka. Ekonomické správanie.

Saved in:
Bibliographic Details
Main Author: Smreková, Dagmar
Format: Book Chapter
Language:Slovak
Subjects:
Tags: Add Tag
No Tags, Be the first to tag this record!

MARC

LEADER 00000naa a2200000 4500
001 r023087
005 20230925101208.9
041 0 |a slo 
044 |a SK 
245 1 0 |a Poriadok trhu vo svetle morálky  |c Dagmar Smreková 
520 |a Definícia trhu. Poriadok na trhu a jeho charakteristika. Podnikateľská etika a morálka. Ekonomické správanie. 
610 2 0 |a trh 
610 2 0 |a morálka 
610 2 0 |a teória trhu 
610 2 0 |a etika podnikateľská 
610 2 0 |a podnikanie 
610 2 0 |a správanie hospodárske 
100 1 |a Smreková, Dagmar